[Event "Mecklenburg VP LL2 Ost 2223"]
[Site "Mecklenburg VP"]
[Date "2023.03.19"]
[Round "7.2"]
[White "Riebort, Frank"]
[Black "Eckermann, Klaus"]
[Result "1/2-1/2"]
[WhiteElo "2016"]
[BlackElo "1816"]
[PlyCount "40"]
[EventDate "2022.10.23"]
[EventType "team-tourn"]
[EventRounds "9"]
[EventCountry "GER"]
[SourceTitle "EXT 2024"]
[Source "ChessBase"]
[SourceDate "2023.10.10"]
[SourceVersion "1"]
[SourceVersionDate "2023.10.10"]
[SourceQuality "1"]
[WhiteTeam "Motor Wolgast"]
[BlackTeam "Ribnitz Damgarten"]
[WhiteTeamCountry "GER"]
[BlackTeamCountry "GER"]

1. d4 Nf6 2. c4 g6 3. Nc3 Bg7 4. e4 d6 5. Nf3 0-0 6. Bd3 Nbd7 7. 0-0 e5 8. d5 Nc5 9. Bc2 a5 10. Bg5 h6 11. Be3 b6 12. h3 Ne8 13. Qd2 Kh7 14. Nh2 f5 15. f4 Nxe4 16. Nxe4 fxe4 17. fxe5 Rxf1+ 18. Rxf1 dxe5 19. Bxe4 Nd6 20. Bd3 Bf5 1/2-1/2

[Event "Mecklenburg VP LL2 Ost 2223"]
[Site "Mecklenburg VP"]
[Date "2022.11.27"]
[Round "3.2"]
[White "Kohn, Thomas2222"]
[Black "Riebort, Frank"]
[Result "1/2-1/2"]
[WhiteElo "1964"]
[BlackElo "2016"]
[PlyCount "124"]
[EventDate "2022.10.23"]
[EventType "team-tourn"]
[EventRounds "9"]
[EventCountry "GER"]
[SourceTitle "EXT 2024"]
[Source "ChessBase"]
[SourceDate "2023.10.10"]
[SourceVersion "1"]
[SourceVersionDate "2023.10.10"]
[SourceQuality "1"]
[WhiteTeam "Stralsund HSG II"]
[BlackTeam "Motor Wolgast"]
[WhiteTeamCountry "GER"]
[BlackTeamCountry "GER"]

1. Nf3 Nf6 2. c4 g6 3. Nc3 Bg7 4. g3 d6 5. d4 0-0 6. Bg2 Nbd7 7. 0-0 c6 8. b3 e5 9. dxe5 Nxe5 10. Qc2 Bf5 11. Qb2 Ne4 12. Bd2 b5 13. cxb5 cxb5 14. Nd4 Nxc3 15. Bxc3 Rc8 16. Nxb5 Qb6 17. a4 a6 18. Bd4 Qd8 19. e4 Be6 20. f4 axb5 21. fxe5 dxe5 22. Be3 bxa4 23. bxa4 Qd3 24. Qd2 Qxd2 25. Bxd2 Rfd8 26. Rf2 Bf8 27. Be3 Rd3 28. Bb6 Rb3 29. a5 Ra8 30. Rff1 Bc4 31. Rfb1 Rxb1+ 32. Rxb1 Rb8 33. Rc1 Bd3 34. Rc3 Ba6 35. Bf1 Bb7 36. Bd3 Kg7 37. Bc7 Re8 38. a6 Ba8 39. a7 Bb4 40. Rc4 Ba3 41. Kf1 Kf6 42. Bc2 Bb2 43. Ba4 Re6 44. Bd8+ Kg7 45. Rc8 Bxe4 46. a8Q Bxa8 47. Rxa8 Rd6 48. Ke2 Bc3 49. Bg5 h6 50. Be3 Bd4 51. Bb3 Bxe3 52. Kxe3 f5 53. Bc4 f4+ 54. gxf4 exf4+ 55. Ke4 g5 56. Ra7+ Kg6 57. Ra6 Rxa6 58. Bxa6 Kh5 59. Bc8 Kh4 60. Bd7 h5 61. Be6 g4 62. Kxf4 Kh3 1/2-1/2

[Event "Mecklenburg VP Landesliga Ost 1920"]
[Site "Mecklenburg VP"]
[Date "2019.09.29"]
[Round "1.3"]
[White "Riebort, Frank"]
[Black "Kallweit, Paul"]
[Result "0-1"]
[WhiteElo "2016"]
[BlackElo "1832"]
[PlyCount "128"]
[EventDate "2019.09.29"]
[EventType "team-tourn"]
[EventRounds "9"]
[EventCountry "GER"]
[SourceTitle "EXT 2023"]
[Source "ChessBase"]
[SourceDate "2022.10.05"]
[SourceVersion "1"]
[SourceVersionDate "2022.10.05"]
[SourceQuality "1"]
[WhiteTeam "Wolgast Motor"]
[BlackTeam "Rostock SSC 07"]
[WhiteTeamCountry "GER"]
[BlackTeamCountry "GER"]

1. d4 d5 2. c4 e6 3. Nc3 Nf6 4. Nf3 Be7 5. Bg5 0-0 6. e3 a6 7. Bd3 dxc4 8. Bxc4 b5 9. Bd3 Bb7 10. a3 Nbd7 11. 0-0 c5 12. Qe2 Qb6 13. Rfd1 h6 14. Bh4 cxd4 15. exd4 Qd8 16. Ne5 Nb6 17. Bxf6 Bxf6 18. Ne4 Bd5 19. Qg4 Qe7 20. Rac1 Rfc8 21. Qh5 Na4 22. Rxc8+ Rxc8 23. Qe2 Bg5 24. Nxg5 Qxg5 25. g3 Qc1 26. Rxc1 Rxc1+ 27. Qf1 Rxf1+ 28. Kxf1 Nxb2 29. Be2 Na4 30. Ke1 Kf8 31. Kd2 Ke7 32. Bd1 Nb6 33. Kc3 f6 34. Ng6+ Kf7 35. Nf4 a5 36. Bh5+ Ke7 37. Be2 Nc4 38. Bxc4 Bxc4 39. a4 Kd6 40. axb5 Bxb5 41. Nh5 Be8 42. Nxg7 Bg6 43. g4 Ke7 44. Kc4 Kf7 45. Nh5 Bxh5 46. gxh5 Ke7 47. Kb5 Kd6 48. Kxa5 Kd5 49. Kb6 Kxd4 50. Kc6 Ke5 51. Kd7 f5 52. Ke7 f4 53. Kf7 Kf5 54. h4 e5 55. Kg7 e4 56. Kxh6 e3 57. fxe3 fxe3 58. Kg7 e2 59. h6 e1Q 60. h7 Qe7+ 61. Kg8 Kg6 62. h5+ Kxh5 63. h8Q+ Kg6 64. Qf6+ Kxf6 0-1

[Event "Mecklenburg VP LL2 Ost 1819"]
[Site "Mecklenburg VP"]
[Date "2019.03.24"]
[Round "8.4"]
[White "Winkler, Karl"]
[Black "Riebort, Frank"]
[Result "1-0"]
[WhiteElo "1759"]
[BlackElo "1870"]
[PlyCount "53"]
[EventDate "2018.10.21"]
[EventType "team-tourn"]
[EventRounds "9"]
[EventCountry "GER"]
[SourceTitle "EXT 2022"]
[Source "ChessBase"]
[SourceDate "2021.10.06"]
[SourceVersion "1"]
[SourceVersionDate "2021.10.06"]
[SourceQuality "1"]
[WhiteTeam "Neubrandenburg SG Eintracht II"]
[BlackTeam "Wolgast Motor"]
[WhiteTeamCountry "GER"]
[BlackTeamCountry "GER"]

1. e4 d6 2. d4 g6 3. Nf3 Bg7 4. Bc4 Nf6 5. Nc3 0-0 6. 0-0 Nc6 7. h3 e5 8. dxe5 Nxe5 9. Nxe5 dxe5 10. Bg5 c6 11. Qxd8 Rxd8 12. Rfd1 Rd4 13. Bb3 Be6 14. Bxe6 fxe6 15. Be3 Rb4 16. b3 Nxe4 17. Nxe4 Rxe4 18. Rd7 a5 19. Rad1 b5 20. Rc7 a4 21. Rxc6 axb3 22. axb3 Re8 23. Rdd6 Rh4 24. Rxe6 Rxe6 25. Rxe6 Kf7 26. Rb6 b4 27. Bc5 1-0

[Event "Mecklenburg VP LL2 Ost 1819"]
[Site "Mecklenburg VP"]
[Date "2019.01.20"]
[Round "5.4"]
[White "Riebort, Frank"]
[Black "Rosenbusch, Robert Mario"]
[Result "1/2-1/2"]
[WhiteElo "1870"]
[BlackElo "1670"]
[PlyCount "36"]
[EventDate "2018.10.21"]
[EventType "team-tourn"]
[EventRounds "9"]
[EventCountry "GER"]
[SourceTitle "EXT 2022"]
[Source "ChessBase"]
[SourceDate "2021.10.06"]
[SourceVersion "1"]
[SourceVersionDate "2021.10.06"]
[SourceQuality "1"]
[WhiteTeam "Wolgast Motor"]
[BlackTeam "Binz Therme Ruegen"]
[WhiteTeamCountry "GER"]
[BlackTeamCountry "GER"]

1. d4 Nf6 2. c4 g6 3. Nc3 Bg7 4. e4 d6 5. Bd3 0-0 6. Nge2 c5 7. d5 e6 8. 0-0 exd5 9. exd5 a6 10. h3 Nbd7 11. f4 Nh5 12. g4 Qh4 13. Rf3 Ndf6 14. gxh5 Bxh3 15. Ne4 Nxe4 16. Bxe4 Rae8 17. Qd3 Qe1+ 18. Kh2 Bf5 1/2-1/2

[Event "Mecklenburg VP LL2 Ost 1819"]
[Site "Mecklenburg VP"]
[Date "2018.11.25"]
[Round "3.3"]
[White "Tabbert, Dirk"]
[Black "Riebort, Frank"]
[Result "1/2-1/2"]
[WhiteElo "1649"]
[BlackElo "1870"]
[PlyCount "44"]
[EventDate "2018.10.21"]
[EventType "team-tourn"]
[EventRounds "9"]
[EventCountry "GER"]
[SourceTitle "EXT 2022"]
[Source "ChessBase"]
[SourceDate "2021.10.06"]
[SourceVersion "1"]
[SourceVersionDate "2021.10.06"]
[SourceQuality "1"]
[WhiteTeam "Bergen Rugia"]
[BlackTeam "Wolgast Motor"]
[WhiteTeamCountry "GER"]
[BlackTeamCountry "GER"]

1. c4 Nf6 2. Nc3 g6 3. g3 Bg7 4. Bg2 d6 5. e4 0-0 6. Nge2 e5 7. 0-0 Nc6 8. d3 Nh5 9. f4 Bg4 10. Qb3 exf4 11. Bxf4 Qd7 12. Be3 Rab8 13. Rf2 a6 14. Raf1 b5 15. cxb5 axb5 16. h3 Be6 17. Nd5 Bxh3 18. Bxh3 Qxh3 19. Rxf7 Kh8 20. Rxf8+ Rxf8 21. Rxf8+ Bxf8 22. Ndf4 Nxf4 1/2-1/2

[Event "Mecklenburg VP LL2 Ost 1718"]
[Site "Mecklenburg VP"]
[Date "2018.04.08"]
[Round "8.5"]
[White "Perlick, Eberhard"]
[Black "Riebort, Frank"]
[Result "1-0"]
[WhiteElo "1858"]
[BlackElo "1883"]
[PlyCount "57"]
[EventDate "2017.10.08"]
[EventType "team-tourn"]
[EventRounds "9"]
[EventCountry "GER"]
[SourceTitle "EXT 2022"]
[Source "ChessBase"]
[SourceDate "2021.10.06"]
[SourceVersion "1"]
[SourceVersionDate "2021.10.06"]
[SourceQuality "1"]
[WhiteTeam "Graal Mueritz"]
[BlackTeam "Wolgast Motor"]
[WhiteTeamCountry "GER"]
[BlackTeamCountry "GER"]

1. d4 Nf6 2. Nc3 d5 3. Bg5 Bf5 4. f3 Nbd7 5. e3 e6 6. Bd3 Bxd3 7. cxd3 h6 8. Bh4 Be7 9. f4 0-0 10. Nf3 c5 11. dxc5 Nxc5 12. Bxf6 Bxf6 13. d4 Nd7 14. 0-0 Rc8 15. Qd3 Qb6 16. Rf2 Rc6 17. Rc1 Rfc8 18. Rfc2 Qa5 19. Ne5 Nxe5 20. fxe5 Be7 21. a3 b5 22. Nxd5 exd5 23. Rxc6 Rxc6 24. Rxc6 Qe1+ 25. Qf1 Qxe3+ 26. Qf2 Qd3 27. Rc8+ Kh7 28. Qc2 Qxc2 29. Rxc2 1-0

[Event "Mecklenburg VP LL2 Ost 1516"]
[Site "Mecklenburg VP"]
[Date "2016.03.13"]
[Round "7.5"]
[White "Grehl, Tino"]
[Black "Riebort, Frank"]
[Result "1/2-1/2"]
[WhiteElo "1822"]
[BlackElo "1884"]
[PlyCount "115"]
[EventDate "2015.09.20"]
[EventType "team-tourn"]
[EventRounds "9"]
[EventCountry "GER"]
[SourceTitle "EXT 2022"]
[Source "ChessBase"]
[SourceDate "2021.10.06"]
[SourceVersion "1"]
[SourceVersionDate "2021.10.06"]
[SourceQuality "1"]
[WhiteTeam "Greifswald II"]
[BlackTeam "Wolgast Motor"]
[WhiteTeamCountry "GER"]
[BlackTeamCountry "GER"]

1. c4 Nf6 2. d4 g6 3. Nc3 Bg7 4. Nf3 d6 5. e3 0-0 6. Be2 Nbd7 7. 0-0 e5 8. b3 Re8 9. Bb2 c6 10. Rc1 b6 11. Ba3 Bf8 12. Nd2 Bb7 13. dxe5 Rxe5 14. e4 c5 15. f4 Re8 16. Bf3 Bg7 17. Re1 Nf8 18. Bb2 Ne6 19. Ne2 Qc7 20. Qc2 Nd7 21. Bxg7 Kxg7 22. Qc3+ f6 23. Bg4 Rad8 24. Bxe6 Rxe6 25. Ng3 Rde8 26. Rf1 R6e7 27. Rcd1 a6 28. Qf3 Nf8 29. f5 g5 30. Qg4 Nd7 31. h4 Ne5 32. Qe2 h6 33. Nf3 Nxf3+ 34. gxf3 Rg8 35. Nh5+ Kf7 36. Qb2 Re5 37. Kf2 Qe7 38. Qd2 Rd8 39. hxg5 hxg5 40. Ng3 Ke8 41. Rh1 Qg7 42. Rh5 Re7 43. Rdh1 Kd7 44. Rh6 Qf8 45. Rg6 Rf7 46. Rhh6 Qe7 47. Qc3 g4 48. Rxf6 Rxf6 49. Qxf6 Qxf6 50. Rxf6 gxf3 51. Kxf3 Re8 52. Rf7+ Re7 53. Rxe7+ Kxe7 54. Kf4 b5 55. cxb5 axb5 56. Ne2 b4 57. Ke3 Kf6 58. Nf4 1/2-1/2

[Event "Mecklenburg VP LL2 Ost 1516"]
[Site "Mecklenburg VP"]
[Date "2015.11.15"]
[Round "3.4"]
[White "Riebort, Frank"]
[Black "Rehbein, Hans Juergen"]
[Result "1/2-1/2"]
[WhiteElo "1884"]
[BlackElo "1688"]
[PlyCount "26"]
[EventDate "2015.09.20"]
[EventType "team-tourn"]
[EventRounds "9"]
[EventCountry "GER"]
[SourceTitle "EXT 2022"]
[Source "ChessBase"]
[SourceDate "2021.10.06"]
[SourceVersion "1"]
[SourceVersionDate "2021.10.06"]
[SourceQuality "1"]
[WhiteTeam "Wolgast Motor"]
[BlackTeam "Neubrandenburg SG Eintracht II"]
[WhiteTeamCountry "GER"]
[BlackTeamCountry "GER"]

1. d4 Nf6 2. c4 g6 3. Nc3 Bg7 4. e4 d6 5. Nf3 0-0 6. Bd3 Nbd7 7. 0-0 c5 8. d5 a6 9. Bg5 Ng4 10. Bf4 Nge5 11. Bxe5 Nxe5 12. Nxe5 Bxe5 13. Qc2 f5 1/2-1/2

[Event "Mecklenburg VP LL2 Ost 1516"]
[Site "Mecklenburg VP"]
[Date "2015.10.11"]
[Round "2.4"]
[White "Moritz, Hartmut"]
[Black "Riebort, Frank"]
[Result "1/2-1/2"]
[WhiteElo "1852"]
[BlackElo "1884"]
[PlyCount "111"]
[EventDate "2015.09.20"]
[EventType "team-tourn"]
[EventRounds "9"]
[EventCountry "GER"]
[SourceTitle "EXT 2022"]
[Source "ChessBase"]
[SourceDate "2021.10.06"]
[SourceVersion "1"]
[SourceVersionDate "2021.10.06"]
[SourceQuality "1"]
[WhiteTeam "Rostock SSC 07 III"]
[BlackTeam "Wolgast Motor"]
[WhiteTeamCountry "GER"]
[BlackTeamCountry "GER"]

1. e4 e5 2. Nf3 Nf6 3. d4 Nxe4 4. Bd3 d5 5. Nxe5 Bd6 6. 0-0 0-0 7. Nd2 Bxe5 8. dxe5 Nc6 9. Nxe4 dxe4 10. Bxe4 Qxd1 11. Rxd1 Nxe5 12. Bf4 f6 13. Rd5 c6 14. Rd4 Be6 15. Rad1 g6 16. Kf1 Kf7 17. Rb4 Rab8 18. Ra4 a6 19. b3 Rbd8 20. Rad4 Rxd4 21. Rxd4 Ke7 22. Rb4 Bc8 23. Rd4 Rd8 24. c3 Nf7 25. Ke2 f5 26. Bd3 Rxd4 27. cxd4 b5 28. Kd2 Ke6 29. Kc3 Kd5 30. Be2 Bd7 31. Bf3+ Ke6 32. Kb4 g5 33. Bc7 g4 34. Be2 Kd5 35. Bb6 Ng5 36. Ka5 Ne4 37. f3 Nc3 38. Bd3 gxf3 39. gxf3 Nxa2 40. Bc5 Nc1 41. Bc2 Ne2 42. b4 Nxd4 43. Bd1 f4 44. Kxa6 Bf5 45. Kb6 Bc2 46. Bxd4 Bxd1 47. Bg7 Bxf3 48. Bh6 Ke5 49. Bg7+ Kf5 50. Kc5 Kg4 51. Kd4 Bd5 52. Be5 Kf5 53. Bd6 Kg4 54. Kd3 Kf3 55. Kd2 Bc4 56. Ke1 1/2-1/2

[Event "Mecklenburg VP LL2 Ost 1516"]
[Site "Mecklenburg VP"]
[Date "2015.09.20"]
[Round "1.4"]
[White "Riebort, Frank"]
[Black "Micheel, Peter"]
[Result "1-0"]
[WhiteElo "1884"]
[BlackElo "1759"]
[PlyCount "81"]
[EventDate "2015.09.20"]
[EventType "team-tourn"]
[EventRounds "9"]
[EventCountry "GER"]
[SourceTitle "EXT 2022"]
[Source "ChessBase"]
[SourceDate "2021.10.06"]
[SourceVersion "1"]
[SourceVersionDate "2021.10.06"]
[SourceQuality "1"]
[WhiteTeam "Wolgast Motor"]
[BlackTeam "Graal Mueritz"]
[WhiteTeamCountry "GER"]
[BlackTeamCountry "GER"]

1. d4 Nf6 2. c4 e6 3. Nc3 Bb4 4. Bg5 c5 5. d5 d6 6. Nf3 h6 7. Bxf6 Qxf6 8. Rc1 0-0 9. e3 Nd7 10. Be2 e5 11. 0-0 Bxc3 12. Rxc3 Re8 13. e4 Nf8 14. Nd2 Ng6 15. g3 Bh3 16. Re1 Bd7 17. Bg4 Rad8 18. Bxd7 Rxd7 19. Qg4 Nf8 20. h4 Qg6 21. Qh3 Rde7 22. h5 Qh7 23. Nf3 g6 24. g4 g5 25. Nd2 Nd7 26. Nf1 Nb6 27. Ng3 Nc8 28. Nf5 Rd7 29. Qd3 Ne7 30. Ne3 Qg7 31. Rb1 Qf6 32. Kg2 Qf4 33. b4 Rc8 34. f3 Rdc7 35. bxc5 Rxc5 36. Rxb7 R8c7 37. Qb1 Kg7 38. Rxc7 Rxc7 39. Qb8 Rc5 40. Qxd6 Ra5 41. a3 1-0

[Event "Mecklenburg VP LL2 Ost 1314"]
[Site "Mecklenburg VP"]
[Date "2014.04.27"]
[Round "9.3"]
[White "Stoevesand, Eric"]
[Black "Riebort, Frank"]
[Result "1-0"]
[WhiteElo "1929"]
[BlackElo "1932"]
[PlyCount "81"]
[EventDate "2013.10.27"]
[EventType "team-tourn"]
[EventRounds "9"]
[EventCountry "GER"]
[SourceTitle "EXT 2022"]
[Source "ChessBase"]
[SourceDate "2021.10.06"]
[SourceVersion "1"]
[SourceVersionDate "2021.10.06"]
[SourceQuality "1"]
[WhiteTeam "Neubrandenburg SG Eintracht"]
[BlackTeam "Wolgast Motor"]
[WhiteTeamCountry "GER"]
[BlackTeamCountry "GER"]

1. e4 e5 2. Nf3 Nf6 3. Nxe5 d6 4. Nf3 Nxe4 5. d4 d5 6. Bd3 Be7 7. h3 Nc6 8. 0-0 0-0 9. Bf4 f5 10. c3 g5 11. Bh2 Be6 12. Nbd2 Bd6 13. Bxd6 cxd6 14. Qb3 Qe7 15. Rae1 g4 16. hxg4 fxg4 17. Nxe4 dxe4 18. Bc4 Bxc4 19. Qxc4+ Kh8 20. Nd2 g3 21. Rxe4 Qg5 22. Qe2 gxf2+ 23. Rxf2 Rxf2 24. Qxf2 Rg8 25. Rf4 Ne7 26. Ne4 Qg6 27. Qf3 Nd5 28. Rf5 Qxg2+ 29. Qxg2 Rxg2+ 30. Kxg2 Ne3+ 31. Kf3 Nxf5 32. Kf4 Ne7 33. Nxd6 b6 34. Ke5 Kg8 35. Nf5 Ng6+ 36. Kf6 Kf8 37. Nd6 Ne7 38. Ke6 h5 39. Ke5 Kg7 40. Nf5+ Nxf5 41. Kxf5 1-0

[Event "Mecklenburg VP LL2 Ost 1314"]
[Site "Mecklenburg VP"]
[Date "2014.02.23"]
[Round "6.2"]
[White "Riebort, Frank"]
[Black "Horch, Helmut"]
[Result "1/2-1/2"]
[WhiteElo "1932"]
[BlackElo "1697"]
[PlyCount "88"]
[EventDate "2013.10.27"]
[EventType "team-tourn"]
[EventRounds "9"]
[EventCountry "GER"]
[SourceTitle "EXT 2022"]
[Source "ChessBase"]
[SourceDate "2021.10.06"]
[SourceVersion "1"]
[SourceVersionDate "2021.10.06"]
[SourceQuality "1"]
[WhiteTeam "Wolgast Motor"]
[BlackTeam "Binz Therme Ruegen"]
[WhiteTeamCountry "GER"]
[BlackTeamCountry "GER"]

1. d4 e6 2. c4 d5 3. Nc3 Nf6 4. Bg5 Be7 5. e3 0-0 6. Nf3 b6 7. Bd3 dxc4 8. Bxc4 Bb7 9. 0-0 Nbd7 10. Qe2 Ne4 11. Bxe7 Qxe7 12. Nxe4 Bxe4 13. Rac1 c5 14. Rfd1 Rad8 15. Bb5 Nf6 16. dxc5 Rxd1+ 17. Qxd1 Rd8 18. Qe2 bxc5 19. Nd2 Rb8 20. f3 Bd5 21. b3 e5 22. Bc4 Rd8 23. Rc2 Bb7 24. Nb1 g6 25. Rd2 Kf8 26. Nc3 Bc6 27. Qd1 Rxd2 28. Qxd2 Qd7 29. Qxd7 Bxd7 30. Kf2 Ke7 31. Ke2 Bc6 32. Kd3 Nd7 33. Bb5 Kd6 34. a4 f5 35. a5 Nf6 36. Bxc6 Kxc6 37. Kc4 Ne8 38. e4 Nd6+ 39. Kd3 f4 40. Nd5 g5 41. Nf6 h6 42. Ng8 Nf7 43. Kc4 Nd6+ 44. Kd3 Nf7 1/2-1/2

[Event "Mecklenburg VP LL2 Ost 1314"]
[Site "Mecklenburg VP"]
[Date "2013.12.15"]
[Round "4.3"]
[White "Riebort, Frank"]
[Black "Schulz, Wolf Detlef"]
[Result "0-1"]
[WhiteElo "1932"]
[BlackElo "1838"]
[PlyCount "94"]
[EventDate "2013.10.27"]
[EventType "team-tourn"]
[EventRounds "9"]
[EventCountry "GER"]
[SourceTitle "EXT 2022"]
[Source "ChessBase"]
[SourceDate "2021.10.06"]
[SourceVersion "1"]
[SourceVersionDate "2021.10.06"]
[SourceQuality "1"]
[WhiteTeam "Wolgast Motor"]
[BlackTeam "Graal Mueritz"]
[WhiteTeamCountry "GER"]
[BlackTeamCountry "GER"]

1. d4 Nf6 2. c4 e5 3. dxe5 Ng4 4. Bf4 Nc6 5. Nf3 Bb4+ 6. Nc3 Qe7 7. Qd5 0-0 8. h3 Nh6 9. e3 Bxc3+ 10. bxc3 Qa3 11. Qd2 Nf5 12. Bd3 d6 13. 0-0 Nxe5 14. Nxe5 dxe5 15. Bxe5 Qc5 16. Bd4 Qc6 17. Qc2 g6 18. e4 Nxd4 19. cxd4 Qf6 20. d5 Qd4 21. Rfe1 Re8 22. Rac1 Bd7 23. Qc3 Qc5 24. Rb1 b6 25. Rbc1 Re7 26. Kf1 Rae8 27. e5 c6 28. dxc6 Bxc6 29. f4 Bb7 30. Be4 Ba6 31. Bd5 Qxd5 32. Red1 Qc5 33. g4 Rc8 34. Rd4 Rec7 35. Qd2 Qe7 36. Kg2 Bxc4 37. Kg3 Bb5 38. Rxc7 Qxc7 39. Kh4 Qe7+ 40. g5 h6 41. Qb2 hxg5+ 42. fxg5 Rc4 43. Rxc4 Bxc4 44. a3 Qc5 45. Qc3 Qf2+ 46. Qg3 Qxg3+ 47. Kxg3 Kf8 0-1

[Event "Mecklenburg VP LL2 Ost 1314"]
[Site "Mecklenburg VP"]
[Date "2013.11.10"]
[Round "2.3"]
[White "Mauser, Tassilo Tino"]
[Black "Riebort, Frank"]
[Result "1/2-1/2"]
[WhiteElo "1804"]
[BlackElo "1932"]
[PlyCount "107"]
[EventDate "2013.10.27"]
[EventType "team-tourn"]
[EventRounds "9"]
[EventCountry "GER"]
[SourceTitle "EXT 2022"]
[Source "ChessBase"]
[SourceDate "2021.10.06"]
[SourceVersion "1"]
[SourceVersionDate "2021.10.06"]
[SourceQuality "1"]
[WhiteTeam "Gryps SV"]
[BlackTeam "Wolgast Motor"]
[WhiteTeamCountry "GER"]
[BlackTeamCountry "GER"]

1. e3 Nf6 2. Nf3 g6 3. c4 Bg7 4. Nc3 d6 5. Be2 0-0 6. 0-0 Nc6 7. a3 e5 8. d3 Ne8 9. Rb1 f5 10. Qc2 Nf6 11. b4 Ne7 12. Bb2 h6 13. c5 Be6 14. b5 b6 15. c6 g5 16. Ne1 Ng6 17. d4 e4 18. f4 d5 19. Nd1 Rf7 20. g3 Bf8 21. Nf2 Bd6 22. Nh3 Ng4 23. Ng2 Qe7 24. a4 Raf8 25. Bc3 Rg7 26. Bd2 Nh8 27. a5 Nf6 28. axb6 axb6 29. Bc3 g4 30. Nf2 h5 31. Nh4 Ng6 32. Nxg6 Rxg6 33. Kg2 h4 34. Qa4 Rh6 35. Rh1 Nh5 36. Bb4 Bxb4 37. Rxb4 Kg7 38. Rbb1 Rhh8 39. Ra1 Nf6 40. Rhb1 Nh5 41. Rh1 h3+ 42. Kf1 Nf6 43. Nd1 Kf7 44. Kf2 Ra8 45. Qxa8 Rxa8 46. Rxa8 Qb4 47. Ra7 Ne8 48. Re1 Qd2 49. Kf1 Ke7 50. Nf2 Kd8 51. Ra8+ Bc8 52. Bd1 Nd6 53. Re2 Qc1 54. Re1 1/2-1/2

[Event "Mecklenburg VP LL2 Ost 1314"]
[Site "Mecklenburg VP"]
[Date "2013.10.27"]
[Round "1.3"]
[White "Riebort, Frank"]
[Black "Onasch, Gunnar"]
[Result "1/2-1/2"]
[WhiteElo "1932"]
[BlackElo "1863"]
[PlyCount "33"]
[EventDate "2013.10.27"]
[EventType "team-tourn"]
[EventRounds "9"]
[EventCountry "GER"]
[SourceTitle "EXT 2022"]
[Source "ChessBase"]
[SourceDate "2021.10.06"]
[SourceVersion "1"]
[SourceVersionDate "2021.10.06"]
[SourceQuality "1"]
[WhiteTeam "Wolgast Motor"]
[BlackTeam "Waterkant Saal SV"]
[WhiteTeamCountry "GER"]
[BlackTeamCountry "GER"]

1. d4 Nf6 2. c4 c5 3. d5 e6 4. Nc3 exd5 5. cxd5 d6 6. e4 g6 7. Nf3 Bg7 8. Bd3 0-0 9. 0-0 Bg4 10. Bf4 Bxf3 11. Qxf3 Nh5 12. Rab1 Nxf4 13. Qxf4 Qe7 14. Rfe1 Nd7 15. Qd2 a6 16. a4 Ne5 17. Be2 1/2-1/2

[Event "Mecklenburg VP LL2 Ost 1112"]
[Site "Mecklenburg VP"]
[Date "2012.03.04"]
[Round "6.1"]
[White "Riebort, Frank"]
[Black "Herholz, Holger"]
[Result "1/2-1/2"]
[WhiteElo "2008"]
[BlackElo "1859"]
[PlyCount "46"]
[EventDate "2011.10.02"]
[EventType "team-tourn"]
[EventRounds "9"]
[EventCountry "GER"]
[SourceTitle "EXT 2022"]
[Source "ChessBase"]
[SourceDate "2021.10.06"]
[SourceVersion "1"]
[SourceVersionDate "2021.10.06"]
[SourceQuality "1"]
[WhiteTeam "Wolgast Motor"]
[BlackTeam "Warnemuende SF Ostsee II"]
[WhiteTeamCountry "GER"]
[BlackTeamCountry "GER"]

1. d4 Nf6 2. c4 g6 3. Nc3 Bg7 4. e4 d6 5. Bd3 0-0 6. Nf3 c6 7. 0-0 Bg4 8. Be3 Qc7 9. h3 Bxf3 10. Qxf3 Nbd7 11. Qe2 a6 12. Rac1 c5 13. d5 e5 14. g4 h6 15. a3 Rab8 16. b4 b6 17. Qd2 Kh7 18. f3 Qd8 19. Qf2 Ng8 20. Rb1 Qe7 21. Rb3 Rfc8 22. Rfb1 Qd8 23. b5 a5 1/2-1/2

[Event "Mecklenburg VP LL2 Ost 1011"]
[Site "Mecklenburg VP"]
[Date "2010.10.24"]
[Round "2.2"]
[White "Kiel, Bernd"]
[Black "Riebort, Frank"]
[Result "0-1"]
[WhiteElo "1915"]
[BlackElo "2011"]
[PlyCount "98"]
[EventDate "2010.10.10"]
[EventType "team-tourn"]
[EventRounds "9"]
[EventCountry "GER"]
[SourceTitle "EXT 2022"]
[Source "ChessBase"]
[SourceDate "2021.10.06"]
[SourceVersion "1"]
[SourceVersionDate "2021.10.06"]
[SourceQuality "1"]
[WhiteTeam "Guestrow/Teterow"]
[BlackTeam "Wolgast Motor"]
[WhiteTeamCountry "GER"]
[BlackTeamCountry "GER"]

1. e4 e5 2. Nf3 Nf6 3. Nxe5 d6 4. Nf3 Nxe4 5. Nc3 Nf6 6. d4 d5 7. Be3 Nc6 8. Ne2 Bd6 9. Ng3 0-0 10. Be2 Re8 11. 0-0 Bg4 12. c4 dxc4 13. Bxc4 Qd7 14. Bb5 a6 15. Ba4 b5 16. Bc2 Rad8 17. Rc1 Nb4 18. Bb1 Nbd5 19. Bg5 h6 20. Bd2 Nf4 21. Qb3 Ne2+ 22. Nxe2 Rxe2 23. Rcd1 Qc6 24. Rfe1 Rde8 25. Rxe2 Rxe2 26. h3 Bxf3 27. Qxf3 Qxf3 28. gxf3 Nd5 29. Bd3 Re6 30. a4 c6 31. Re1 Rxe1+ 32. Bxe1 Kf8 33. Bd2 Ke7 34. Kf1 Bf4 35. Bc3 b4 36. Be1 a5 37. Ke2 Bc1 38. Bd2 Bxb2 39. Be3 Nc3+ 40. Kd2 Nxa4 41. Kc2 Bc3 42. f4 Nb6 43. f5 Nd5 44. Kb3 Nb6 45. Be4 a4+ 46. Kc2 Nd5 47. Bd3 b3+ 48. Kb1 a3 49. f6+ Kxf6 0-1

[Event "Mecklenburg VP LL2 Ost 0910"]
[Site "Mecklenburg VP"]
[Date "2010.03.28"]
[Round "6.1"]
[White "Riebort, Frank"]
[Black "Goretzki, Norbert"]
[Result "1-0"]
[WhiteElo "1956"]
[BlackElo "1766"]
[PlyCount "71"]
[EventDate "2009.10.18"]
[EventType "team-tourn"]
[EventRounds "9"]
[EventCountry "GER"]
[SourceTitle "EXT 2016"]
[Source "ChessBase"]
[SourceDate "2015.10.08"]
[SourceVersion "1"]
[SourceVersionDate "2015.10.08"]
[SourceQuality "1"]
[WhiteTeam "Wolgast Motor"]
[BlackTeam "Stralsund FHSG II"]
[WhiteTeamCountry "GER"]
[BlackTeamCountry "GER"]

1. d4 d5 2. c4 e6 3. Nc3 Nf6 4. Bg5 Be7 5. Nf3 c6 6. e3 Nbd7 7. Rc1 0-0 8. Bd3 h6 9. Bh4 Nh7 10. Bg3 f5 11. 0-0 Ndf6 12. Ne5 Bd6 13. f3 a6 14. Qc2 Nh5 15. Bf2 Bxe5 16. dxe5 g6 17. Rcd1 Qe8 18. g4 Ng7 19. f4 b5 20. cxd5 cxd5 21. gxf5 gxf5 22. Ne2 Bb7 23. Nd4 Rc8 24. Qe2 Qh5 25. Qxh5 Nxh5 26. Nxe6 Rf7 27. Nd4 Ng7 28. Rc1 Rd8 29. Bh4 Re8 30. Rf2 Nf8 31. Rg2 Kh7 32. Bf6 Rxf6 33. exf6 Nge6 34. Bxf5+ Kh8 35. f7 Re7 36. Rg8# 1-0